000 01308cam a22003134a 4500
090 _c0
001 12408421
005 20020930074229.0
008 010515s2001 wiua bf 001 0 eng
010 _a 2001091062
020 _a0873492943
040 _aDLC
_cDLC
_dDLC
042 _apcc
050 0 0 _aTS536.6.M8
_bF32 2001
082 0 0 _a683.4
_221
_bFAD
100 1 _aFadala, Sam,
_d1939-
245 1 4 _aThe complete blackpowder handbook /
_cSam Fadala.
246 3 _aComplete black powder handbook
250 _a4th ed., rev. and expanded.
260 _aIola, WI :
_bKrause Publications,
_cc2001.
300 _a413 p. :
_bill. ;
_c28 cm.
500 _aRev. ed. of: The complete black powder handbook. 3rd ed. c1996.
504 _aIncludes bibliographical references and index.
650 0 _aMuzzle-loading firearms
_vHandbooks, manuals, etc.
700 1 _aFadala, Sam,
_d1939-.
_tComplete black powder handbook.
942 _2ddc
_cBB
999 _c10747
_d10747